[Event "HUN-chT2 Erkel 1314"]
[Site "Hungary"]
[Date "2014.02.02"]
[Round "6.10"]
[White "Rozsa, Sandor"]
[Black "Czinkoczky, Reka"]
[Result "1-0"]
[WhiteElo "1978"]
[BlackElo "1563"]
[PlyCount "56"]
[EventDate "2013.09.08"]
[EventType "team-tourn"]
[EventRounds "11"]
[EventCountry "HUN"]
[SourceTitle "EXT 2016"]
[Source "ChessBase"]
[SourceDate "2015.10.08"]
[SourceVersion "1"]
[SourceVersionDate "2015.10.08"]
[SourceQuality "1"]
[WhiteTeam "Fot"]
[BlackTeam "Pestszentlorinc"]
[WhiteTeamCountry "HUN"]
[BlackTeamCountry "HUN"]

1. e4 e6 2. b3 d5 3. Bb2 Ne7 4. exd5 Nxd5 5. c4 Nf6 6. d4 Bb4+ 7. Bc3 Bxc3+ 8. Nxc3 0-0 9. Nf3 Nc6 10. Bd3 Re8 11. 0-0 b6 12. Ne4 Rb8 13. Qd2 Bb7 14. Rad1 Nxd4 15. Nxf6+ Qxf6 16. Nxd4 a6 17. Bb1 c5 18. Ne2 Rbd8 19. Qf4 Rxd1 20. Rxd1 Rd8 21. Rxd8+ Qxd8 22. Qc1 g6 23. Nc3 Qd4 24. Qe3 Qg4 25. Be4 Bc8 26. Kh1 e5 27. h3 Qd7 28. Bd5 Qf5 1-0

[Event "HUN-chT2 Erkel 1314"]
[Site "Hungary"]
[Date "2013.11.03"]
[Round "4.10"]
[White "Rozsa, Sandor"]
[Black "Balogh, Lajos"]
[Result "0-1"]
[WhiteElo "1978"]
[BlackElo "1971"]
[PlyCount "36"]
[EventDate "2013.09.08"]
[EventType "team-tourn"]
[EventRounds "11"]
[EventCountry "HUN"]
[SourceTitle "EXT 2016"]
[Source "ChessBase"]
[SourceDate "2015.10.08"]
[SourceVersion "1"]
[SourceVersionDate "2015.10.08"]
[SourceQuality "1"]
[WhiteTeam "Fot"]
[BlackTeam "Gyongyos Matra"]
[WhiteTeamCountry "HUN"]
[BlackTeamCountry "HUN"]

1. e4 c5 2. Nc3 e6 3. g3 Nc6 4. Bg2 Nf6 5. Nge2 d5 6. exd5 exd5 7. 0-0 Bg4 8. h3 Bh5 9. g4 Bg6 10. d4 cxd4 11. Nxd4 Be7 12. g5 Ne4 13. Nxc6 bxc6 14. Nxe4 dxe4 15. Qg4 0-0 16. Be3 Qd5 17. Rad1 Qb5 18. Rd7 Bf5 0-1

[Event "HUN-chT2 Erkel 1213"]
[Site "Hungary"]
[Date "2013.01.27"]
[Round "6.10"]
[White "Rozsa, Sandor"]
[Black "Gorcsi, Gabor"]
[Result "1-0"]
[WhiteElo "1959"]
[BlackElo "1872"]
[PlyCount "99"]
[EventDate "2012.09.16"]
[EventType "team-tourn"]
[EventRounds "11"]
[EventCountry "HUN"]
[SourceTitle "EXT 2014"]
[Source "ChessBase"]
[SourceDate "2013.11.20"]
[SourceVersion "1"]
[SourceVersionDate "2013.11.20"]
[SourceQuality "1"]
[WhiteTeam "Foti"]
[BlackTeam "Paszto"]
[WhiteTeamCountry "HUN"]
[BlackTeamCountry "HUN"]

1. e4 c5 2. Nc3 d6 3. g3 g6 4. Bg2 Bg7 5. Nge2 Nc6 6. d3 e5 7. 0-0 Nge7 8. Be3 0-0 9. Qd2 f5 10. Bh6 Be6 11. Bxg7 Kxg7 12. Nd5 Nd4 13. f4 fxe4 14. dxe4 Nxe2+ 15. Qxe2 Bxd5 16. exd5 exf4 17. Rae1 Nf5 18. Rxf4 Re8 19. Re4 Rxe4 20. Qxe4 Qf6 21. c3 Rf8 22. Rf1 Qg5 23. Qf4 Qxf4 24. Rxf4 Ne3 25. Re4 Nxd5 26. Re6 Nf6 27. Bxb7 Rb8 28. Re7+ Kh6 29. b3 Re8 30. Rxe8 Nxe8 31. Kf2 Nf6 32. Kf3 Kg5 33. b4 cxb4 34. cxb4 Kf5 35. a4 Ke6 36. b5 Kd7 37. Bc6+ Kc7 38. Kf4 Kb6 39. Kg5 Ng8 40. Bd7 Ne7 41. Kf6 Nd5+ 42. Kg7 Ka5 43. Bc6 Nc3 44. Kxh7 d5 45. Kxg6 d4 46. h4 d3 47. h5 d2 48. Bf3 Nd5 49. h6 Ne7+ 50. Kf7 1-0

[Event "Budapest Art Pub Cup 1st"]
[Site "Budapest"]
[Date "2013.01.04"]
[Round "2"]
[White "Rozsa, Sandor"]
[Black "Szoukup, Istvan"]
[Result "1-0"]
[WhiteElo "1959"]
[BlackElo "1709"]
[PlyCount "77"]
[EventDate "2013.01.03"]
[EventType "swiss"]
[EventRounds "7"]
[EventCountry "HUN"]
[SourceTitle "EXT 2014"]
[Source "ChessBase"]
[SourceDate "2013.11.20"]
[SourceVersion "1"]
[SourceVersionDate "2013.11.20"]
[SourceQuality "1"]

1. e4 e5 2. Nf3 Nc6 3. Bb5 Nf6 4. 0-0 Nxe4 5. Qe2 Nd6 6. Bxc6 dxc6 7. Qxe5+ Qe7 8. Qf4 Be6 9. d3 0-0-0 10. Re1 Qd7 11. Nc3 Be7 12. Qe3 Kb8 13. Ne5 Qc8 14. Ne4 Nf5 15. Qf3 f6 16. Nc4 Nd4 17. Qd1 Bxc4 18. dxc4 Nb3 19. axb3 Rxd1 20. Rxd1 Rd8 21. Re1 f5 22. Be3 b6 23. Nc3 Bb4 24. Ra4 Bxc3 25. bxc3 Qd7 26. g3 a5 27. Rea1 f4 28. Bxf4 Qg4 29. c5 b5 30. Bxc7+ Kxc7 31. Rxg4 g6 32. Rxa5 Kb7 33. Rd4 Re8 34. Rd7+ Kb8 35. Rxh7 Re2 36. Ra6 Rxc2 37. Rxc6 Rxc3 38. Rb6+ Kc8 39. Rxg6 1-0

[Event "Budapest Art Pub Cup 1st"]
[Site "Budapest"]
[Date "2013.01.03"]
[Round "1"]
[White "Gubics, Peter"]
[Black "Rozsa, Sandor"]
[Result "1-0"]
[WhiteElo "2127"]
[BlackElo "1959"]
[PlyCount "57"]
[EventDate "2013.01.03"]
[EventType "swiss"]
[EventRounds "7"]
[EventCountry "HUN"]
[SourceTitle "EXT 2014"]
[Source "ChessBase"]
[SourceDate "2013.11.20"]
[SourceVersion "1"]
[SourceVersionDate "2013.11.20"]
[SourceQuality "1"]

1. Nf3 Nf6 2. c4 e6 3. g3 c5 4. Bg2 Nc6 5. 0-0 Be7 6. b3 d6 7. Bb2 Bd7 8. d4 cxd4 9. Nxd4 Nxd4 10. Qxd4 Bc6 11. e4 0-0 12. Nc3 a6 13. Rfd1 Qc7 14. Rac1 Qa5 15. a3 Rfd8 16. b4 Qh5 17. h3 e5 18. Qd3 Bd7 19. g4 Qh4 20. Nd5 Nxd5 21. exd5 Bg5 22. Rb1 h5 23. gxh5 Rac8 24. Bf1 Bf4 25. Qf3 Bf5 26. Ra1 Be4 27. Qg4 Qf6 28. Be2 b5 29. cxb5 1-0

[Event "HUN-chT2 Erkel 1213"]
[Site "Hungary"]
[Date "2012.12.02"]
[Round "5.9"]
[White "Rozsa, Sandor"]
[Black "Tarsi, Miklos"]
[Result "1/2-1/2"]
[WhiteElo "1959"]
[BlackElo "1973"]
[PlyCount "97"]
[EventDate "2012.09.16"]
[EventType "team-tourn"]
[EventRounds "11"]
[EventCountry "HUN"]
[SourceTitle "EXT 2014"]
[Source "ChessBase"]
[SourceDate "2013.11.20"]
[SourceVersion "1"]
[SourceVersionDate "2013.11.20"]
[SourceQuality "1"]
[WhiteTeam "Foti"]
[BlackTeam "Nagykata"]
[WhiteTeamCountry "HUN"]
[BlackTeamCountry "HUN"]

1. e4 c6 2. d4 d5 3. e5 Bf5 4. Ne2 e6 5. Ng3 Bg6 6. h4 h6 7. Bd3 Bxd3 8. Qxd3 Qa5+ 9. c3 Qa6 10. Qxa6 Nxa6 11. Be3 c5 12. Nd2 cxd4 13. cxd4 Ne7 14. a3 Nc6 15. b4 Nc7 16. Ke2 Be7 17. Rab1 Nb5 18. Nf3 Nc3+ 19. Kd3 Nxb1 20. Rxb1 a6 21. Ne2 Kd7 22. Nc3 b5 23. g3 Rhb8 24. Bc1 a5 25. Na2 axb4 26. Nxb4 Nxb4+ 27. axb4 Ra2 28. Bd2 Rc8 29. Ne1 Rc4 30. Ke3 Rxd2 31. Kxd2 Bxb4+ 32. Kd3 Bxe1 33. Rxe1 Kc6 34. Ra1 Ra4 35. Rc1+ Kb6 36. Rc8 h5 37. Rb8+ Kc6 38. Rc8+ Kb6 39. Rb8+ Kc6 40. Rc8+ Kd7 41. Rf8 Ra3+ 42. Kd2 Ra2+ 43. Ke3 Ke7 44. Rb8 Rb2 45. Rb7+ Ke8 46. Rb8+ Kd7 47. Rb7+ Ke8 48. Rb8+ Kd7 49. Rb7+ 1/2-1/2